000 00750nam a2200265Ia 4500
003 OSt
005 20221006160221.0
006 a|||||r|||| 00| 0
007 ta
008 221006b |||||||| |||| 00| 0 eng d
020 _a9788932915517
024 _a44,640
037 _bGift, Window on Korea
_cTextual
040 _aEASL
_cEASL
_beng
041 _2eng
_aeng
082 _aN495, Q2
100 _aGim Jong-gil,etc. Ed.
_9672462
245 0 _a100.art.kr
_b Korean contemporary art scene
260 _aSeoul
_bKorean Institute Haward University
_c2012
300 _a623p.
_ccm.
490 _v KEL
650 _aKEL
942 _hN495, Q2
_cTEXL
_2CC
999 _c1112732
_d1112732